000 00790nam a22002177a 4500
999 _c18552
_d18552
003 AR-CdUCM
008 190514b ||||| |||| 00| 0 spa d
040 _aMUNICIPALIDAD PROVINCIAL DEL CUSCO
_cBIBLIOTECA MUNICIPAL DEL CUSCO
082 _a292.9 /
_bA88
110 _aAsociacion Tawantinsuyuman
_939203
245 _aMujeres de la biblia antiguo testamento :
_bdiospa simin qelqapi kaq warmikunamanta /
260 _aCusco :
_bAsociacion Tawantinsuyuman,
_c2011.
300 _a107 páginas ;
_bIlustraciones,
_c30.5 cm.
505 _aContenido: Libro de trabajo N° 1 -- Quequa de Cusco-Collao.
650 _aEnseñanza religiosa
_939204
650 _aAntiguo testamento
_93398
650 _aMujeres
_93760
650 _aBiblia
_94856
942 _2ddc
_cLIBROS
945 _aacv
_d2019-05-14